000 00676nam a2200205Ii 4500
003 JO-AjNU
008 230605s9999||||xx |||||||||||||| ||und||
017 _a1985/934
040 _aJO-AjNU
_bara
_erda
_cJO-AjNU
041 _aara
050 1 4 _aBP153.S25 1985
100 3 _aتاليف بانكي، صالح الكوزه,
_eauthor
_914475
245 0 0 _aتحفة الطالبين في قسم المعاملات من فقه الشافعي
264 3 1 _aالموصل: مكتبة بسام، 1985
300 _a317ص
336 _atext
_btxt
_2rdacontent
337 _aunmediated
_bn
_2rdamedia
338 _avolume
_bnc
_2rdacarrier
650 4 _aالفقه الشافعي
_914476
999 _aA3869
_c7437
_d7437